Score 0/20 Timer 03:00
2 Plays Today
% Correct
Felt
83.7%
Beam
83.4%
Yen
83.3%
Litter
83.1%
Beam
82.7%
Counter
81.9%
Radius
81.7%
Dash
81.5%
Pickle
81.5%
Mission
81.4%
% Correct
Stagger
81.3%
Counter
80.4%
Litter
79.9%
Radius
79.5%
Mission
79.2%
Felt
77.5%
Pickle
76.9%
Stagger
75.5%
Dash
73.9%
Yen
67.1%
Remove Ads.
Support Sporcle.
Get the best of Sporcle when you Go Orange. This ad-free experience offers more features, more stats, and more fun while also helping to support Sporcle. Thank you for becoming a member.

You're not logged in!

Compare scores with friends on all Sporcle quizzes.
OR
Log In

Show Comments

Extras

Top Quizzes Today


Score Distribution

Your Account Isn't Verified!

In order to create a playlist on Sporcle, you need to verify the email address you used during registration. Go to your Sporcle Settings to finish the process.

Report this User

Report this user for behavior that violates our Community Guidelines.

Details: